MicroC/OS-II : (Record no. 60586)

000 -LEADER
fixed length control field 01243cam a2200313 a 4500
001 - CONTROL NUMBER
control field 12903656
003 - CONTROL NUMBER IDENTIFIER
control field NUST-PNEC
005 - DATE AND TIME OF LATEST TRANSACTION
control field 20170116180702.0
008 - FIXED-LENGTH DATA ELEMENTS--GENERAL INFORMATION
fixed length control field 020822s2002 ksua b 001 0 eng
010 ## - LIBRARY OF CONGRESS CONTROL NUMBER
LC control number 2002281934
020 ## - INTERNATIONAL STANDARD BOOK NUMBER
International Standard Book Number 1578201039
040 ## - CATALOGING SOURCE
Original cataloging agency DLC
Transcribing agency PNEC
Modifying agency DLC
050 00 - LIBRARY OF CONGRESS CALL NUMBER
Classification number TJ217.7
Item number .L34 2002
082 00 - DEWEY DECIMAL CLASSIFICATION NUMBER
Classification number 629.89 LAB
100 1# - MAIN ENTRY--PERSONAL NAME
Personal name Labrosse, Jean J.
245 10 - TITLE STATEMENT
Title MicroC/OS-II :
Remainder of title the real-time kernel /
Statement of responsibility, etc. Jean J. Labrosse.
250 ## - EDITION STATEMENT
Edition statement 2nd ed.
260 ## - PUBLICATION, DISTRIBUTION, ETC.
Place of publication, distribution, etc. Lawrence, Kan. :
Name of publisher, distributor, etc. CMP Books,
Date of publication, distribution, etc. c2002.
300 ## - PHYSICAL DESCRIPTION
Extent xxvi, 605 p. :
Other physical details ill. ;
Dimensions 26 cm. +
500 ## - GENERAL NOTE
General note http://www.amazon.com/MicroC-OS-II-Kernel-CD-ROM/dp/1578201039/ref=sr_1_1?s=books&ie=UTF8&qid=1410432280&sr=1-1&keywords=1578201039
504 ## - BIBLIOGRAPHY, ETC. NOTE
Bibliography, etc. note Includes bibliographical references and index.
630 00 - SUBJECT ADDED ENTRY--UNIFORM TITLE
Uniform title MuC/OS.
650 #0 - SUBJECT ADDED ENTRY--TOPICAL TERM
Topical term or geographic name entry element Real-time control.
General subdivision MIS, COMP
856 42 - ELECTRONIC LOCATION AND ACCESS
Materials specified Publisher description
Uniform Resource Identifier <a href="http://www.loc.gov/catdir/enhancements/fy0701/2002281934-d.html">http://www.loc.gov/catdir/enhancements/fy0701/2002281934-d.html</a>
856 42 - ELECTRONIC LOCATION AND ACCESS
Materials specified Contributor biographical information
Uniform Resource Identifier <a href="http://www.loc.gov/catdir/enhancements/fy1211/2002281934-b.html">http://www.loc.gov/catdir/enhancements/fy1211/2002281934-b.html</a>
906 ## - LOCAL DATA ELEMENT F, LDF (RLIN)
a 7
b cbc
c origcop
d 2
e ncip
f 20
g y-gencatlg
942 ## - ADDED ENTRY ELEMENTS (KOHA)
Source of classification or shelving scheme
Koha item type Book
Holdings
Withdrawn status Lost status Source of classification or shelving scheme Damaged status Not for loan Permanent Location Current Location Date acquired Source of acquisition Cost, normal purchase price Total Checkouts Full call number Barcode Date last seen Cost, replacement price Price effective from Koha item type
          Pakistan Navy Engineering College (PNEC) Pakistan Navy Engineering College (PNEC) 07/19/2005 Vanguard Books 5257.00   629.89 LAB PNECLIB-027475 09/11/2014 5257.00 07/19/2005 Book
© 2023 Central Library, National University of Sciences and Technology. All Rights Reserved.